00257nam a2200097Ia 4500008004100000100002100041245003200062260003400094300000900128650002200137190216s9999||||xx |||||||||||||| ||und|| aLester B Pearson 0aDemocracy In World Politics bOxford University Pressc1960 a120p aPolitical Science